000 01910cam a2200397 a 4500
090 _c0
001 14448888
005 20070821160121.0
008 060712s2007 njua b 001 0 eng
010 _a2006046122
015 _aGBA678429
_2bnb
016 7 _a013552396
_2Uk
020 _a0470042575 (cloth)
020 _a9780470042571 (cloth)
035 _a(OCoLC)ocm70673283
035 _a(OCoLC)70673283
040 _aDLC
_cDLC
_dBAKER
_dC#P
_dYDX
_dYDXCP
_dUKM
_dDLC
050 0 0 _aTK146
_b.W4348 2007
082 0 0 _a621.3
_222
_bWEN
100 1 _aWentworth, Stuart M.
245 1 0 _aApplied Electromagnetics :
_bEarly Transmission Lines Approach /
_cStuart M. Wentworth.
260 _aHoboken, NJ :
_bJohn Wiley,
_cc2007.
300 _axvi, 656 p. :
_bill. ;
_c25 cm.
440 0 _aWiley series in electrical and computer engineering
504 _aIncludes bibliographical references and index.
590 _aCD-Rom lacking in LC copy
650 0 _aElectromagnetism
_vTextbooks.
650 0 _aElectric engineering
_vTextbooks.
650 0 _aElectric lines
_xMathematical models
_vTextbooks.
856 4 2 _3Contributor biographical information
_uhttp://www.loc.gov/catdir/enhancements/fy0741/2006046122-b.html
856 4 2 _3Publisher description
_uhttp://www.loc.gov/catdir/enhancements/fy0741/2006046122-d.html
856 4 1 _3Table of contents only
_uhttp://www.loc.gov/catdir/enhancements/fy0741/2006046122-t.html
942 _2ddc
_cBB
999 _c10465
_d10465